La Configuració jurídica del municipi baix medieval : règim municipal i fiscalitat a Cervera entre 1182-1430 / per Max Turull i Rubinat règim municipal i fiscalitat a Cervera entre 1182-1430 / per Max Turull i Rubinat
Descripción Física:
651 p. ; 24 cm
Colección:
Textos i documents ; 24
Otros Autores:
Fundació Noguera
MARC
| LEADER | 00000nam a2200000Ia 4500 | ||
|---|---|---|---|
| 001 | 9166 | ||
| 008 | 160829s1990 xx 000 0 cat d | ||
| 080 | |a H-1-76 | ||
| 100 | |a Turull i Rubinat, Max |9 33168 | ||
| 245 | |a La Configuració jurídica del municipi baix medieval : |b règim municipal i fiscalitat a Cervera entre 1182-1430 / per Max Turull i Rubinat | ||
| 260 | |a Barcelona : |b Fundació Noguera, |c 1990 | ||
| 300 | |a 651 p. ; |c 24 cm | ||
| 490 | |a Textos i documents ; 24 | ||
| 650 | |a Cervera |x Política i govern |x 1182/1430 |9 25528 | ||
| 700 | |a Fundació Noguera |9 70407 | ||
| 901 | |a Arxiu | ||
| 942 | |n 1 | ||
| 952 | |0 0 |1 0 |4 0 |6 H176 |7 1 |9 43659 |a Arxiu |b Arxiu |d 2016-12-01 |l 0 |o H-1-76 |p 9166 |r 2016-12-01 00:00:00 |w 2016-12-01 |y ARXIU | ||
| 999 | |c 46207 |d 46207 | ||